Psicopedagogía de la educación física /

Guardado en:
Autor Principal: Missoum, Guy
Formato: Libro
Publicado: Buenos Aires : Kapelusz, 1987
Series:Biblioteca de Cultura Pedagógica. Serie Psicopedagogía
Materias:
Etiquetas: Agregar Etiqueta
Sin Etiquetas, Sea el primero en etiquetar este registro!
LEADER 00743nam a22002055a 4500
001 CEM.cems009719
005 20080721111219.0
008 130507s1987##################000#0#####d
003 CEMS
082 0 4 |a 371.73 
100 1 |a Missoum, Guy 
245 1 0 |a Psicopedagogía de la educación física /  |c Guy Missoum 
260 |a Buenos Aires :  |b Kapelusz,  |c 1987 
300 |a 166 p. 
490 0 |a Biblioteca de Cultura Pedagógica. Serie Psicopedagogía 
505 0 |a Enfoques teóricos del cuerpo -- La actividad física común -- La actividad física adaptada -- La actividad expresiva -- 
653 |a Educación 
653 |a Educación física 
653 |a Educación física-didáctica 
859 |a CEMS  |b BIB. CEMS - 11 de abril  |h 371.73  |i M681  |p 19996.98  |t Ej.1